UBT Library

Terrorizimi Kompjuterik (Record no. 60745)

000 -LEADER
fixed length control field 00295nam a22001337a 4500
008 - FIXED-LENGTH DATA ELEMENTS--GENERAL INFORMATION
fixed length control field 260105b ||||| |||| 00| 0 eng d
020 ## - INTERNATIONAL STANDARD BOOK NUMBER
International Standard Book Number 9789951635554
041 ## - LANGUAGE CODE
Language code of text/sound track or separate title eng
080 ## - UNIVERSAL DECIMAL CLASSIFICATION NUMBER
Universal Decimal Classification number 008
100 ## - Rafti
Rafti 24
101 ## - Shkurtesa
Shkurtesa gaz
245 ## - TITLE STATEMENT
Title Terrorizimi Kompjuterik
Statement of responsibility, etc Enver Buçaj
942 ## - ADDED ENTRY ELEMENTS (KOHA)
Source of classification or shelving scheme
Item type Books
Holdings
Withdrawn status Lost status Source of classification or shelving scheme Damaged status Not for loan Collection code Permanent location Current location Date acquired Total Checkouts Barcode Date last seen Price effective from Koha item type
          Koleksioni i përgjithshem UBT - Lipjan UBT - Lipjan 01/05/2026   002-800070999331 01/05/2026 01/05/2026 Books
UBT Library © 2015-2024. All rights reserved University Education for Business and Technology